Weber, Habermas ve Avrupa devletinin dönüşümü (Record no. 599)

MARC details
000 -BAŞLIK
Sabit Uzunlukta Kontrol Alanı 01216na a2200325 4500
001 - KONTROL NUMARASI
Denetim Alanı 12573
003 - KONTROL NUMARASI IDENTIFIER
Denetim Alanı MIRAKIL
005 - SON İŞLEM TARİHİ VE ZAMANI
Denetim Alanı 20181213154754.0
008 - SABİT-BOY VERİ ELEMANLARI - GENEL BİLGİLER
Sabit Uzunlukta Kontrol Alanı 160828b tu 000 0
020 ## - ULUSLARARASI STANDART KİTAP NUMARASI
Uluslararası Standart Kitap Numarası 9786053323679
035 ## - SİSTEM KONTROL NUMARASI
Sistem Kontrol Numarası 12573
040 ## - KATALOGLAMA KAYNAK
Orijinal Kataloglama Ajansı Milas
Kataloglama Dili tur
Metne Dönüştürmek Ajansı TR-AnCHP
082 ## - DEWEY ONLU SINIFLANDIRMA NUMARASI
Sınıflandırma Numarası 340.115
Ürün Numarası M11w 2015
090 ## - SINIFLAMA NUMARASI
Sınıflama Numarası 340.115 M11w 2015
100 ## - ANA GİRİŞ - KİŞİSEL İSİM
Kişisel Ad McCormick, John Patrick
245 ## - BAŞLIK TABLOSU
Başlık Weber, Habermas ve Avrupa devletinin dönüşümü
Başlığın Kalan Anayasal, sosyal ve uluslarüstü demokrasi
Sorumluluk Tablosu, Vb John P. McCormick; Çeviren Ferit Burak Aydar ; Editör Devrim Çetinkasap
246 ## - UNVAN FORM VARYING
Başlık Doğru / Kısa Başlığı Anayasal, sosyal ve uluslarüstü demokrasi
260 ## - YAYIN, DAĞITIM, VB
Yayın, Dağıtım, Vb Yeri İstanbul
Yayıncı, Dağıtıcı, Vs Adı Türkiye iş bankası kültür yayınları
Yayın, Dağıtım, Vb Tarihi 2015
300 ## - FİZİKSEL TANIM
Kapsam xiv, 362 s.
Boyutlar 23 sm.
500 ## - GENEL NOT
Genel Not özgün yapıt adı: Weber, Habermas and Transformations of the European State
500 ## - GENEL NOT
Genel Not Dizin var.
600 ## - KONU KATMA GİRİŞ - KURUMSAL ADI
Kişisel Ad Weber, Max
Bir Adıyla İlişkilendirilen Tarihler 1864-1920
Relator Terim Demokrasi
600 ## - KONU KATMA GİRİŞ - KURUMSAL ADI
Kişisel Ad Habermas, Jürgen
Relator Terim Demokrasi
650 ## - KONU KATMA GİRİŞ - TOPİKAL DÖNEM
Topikal Süreli Veya Coğrafi Ad Giriş Elemanı Sosyal bütünleşme
Genel Alt Bölümü Avrupa Birliği ülkeleri
650 ## - KONU KATMA GİRİŞ - TOPİKAL DÖNEM
Topikal Süreli Veya Coğrafi Ad Giriş Elemanı Demokrasi
Coğrafi Alt Bölümü Avrupa Birliği ülkeleri
650 ## - KONU KATMA GİRİŞ - TOPİKAL DÖNEM
Topikal Süreli Veya Coğrafi Ad Giriş Elemanı Anayasa tarihi
Coğrafi Alt Bölümü Avrupa Birliği ülkeleri
700 ## - KATMA GİRİŞ - KİŞİSEL İSİM
Kişisel Ad Aydar, Ferit Burak
700 ## - KATMA GİRİŞ - KİŞİSEL İSİM
Kişisel Ad Çetinkasap, Devrim
942 ## - EKLENDİ GİRİŞ ELEMANLARI (KOHA)
Sınıflandırma Veya Raf Düzeni Kaynak Dewey Decimal Classification
Koha Öğesi Türü Books
999 ## - SİSTEM KONTROL NUMARALARI (KOHA)
Koha Biblionumber 599
Koha Biblioitemnumber 599
Holdings
Kalıcı Konum Mevcut Konum Edinme Tarihi Edinim Kaynak Toplam Check-Out'Lar Toplam Yenileme Tam Çağrı Numarası Barkod Tarih Son Görülme Tarihi Geçen Teslim İtibaren Geçerli Fiyatlar Koha Öğesi Türü
CHP Kütüphanesi CHP Kütüphanesi 07/26/2016 Bağış 1 2 340.115 M11w 2015 000112 03/05/2019 01/03/2019 07/26/2016 Books